Online
Catalog

Coloquios a la sombra : (Record no. 2403)

MARC details
000 -CABECERA
campo de control de longitud fija 00709nam a2200217 a 4500
001 - NÚMERO DE CONTROL
campo de control 000002567
005 - FECHA Y HORA DE LA ÚLTIMA TRANSACCIÓN
campo de control 20260313112256.0
008 - DATOS DE LONGITUD FIJA--INFORMACIÓN GENERAL
campo de control de longitud fija 840510s1984 pr b 001 0 spa
040 ## - FUENTE DE LA CATALOGACIÓN
Centro catalogador/agencia de origen DO-SdBNP
Lengua de catalogación spa
Centro/agencia transcriptor BNPHU
082 ## - NÚMERO DE LA CLASIFICACIÓN DECIMAL DEWEY
Número de clasificación 801.93
Número de documento/Ítem M516c
100 1# - ENTRADA PRINCIPAL--NOMBRE DE PERSONA
Nombre de persona Mejía Mattei, Francisco A.
9 (RLIN) 8083
245 10 - MENCIÓN DE TÍTULO
Título Coloquios a la sombra :
Resto del título con un impresionista malhumorado y divertido /
Mención de responsabilidad, etc. Francisco A. Mejía Mattei.
260 ## - PUBLICACIÓN, DISTRIBUCIÓN, ETC.
Lugar de publicación, distribución, etc. Rio Piedras, Puerto Rico :
Nombre del editor, distribuidor, etc. Editora Cultural,
Fecha de publicación, distribución, etc. 1984.
300 ## - DESCRIPCIÓN FÍSICA
Extensión 213 p. ;
Dimensiones 18 cm.
490 1# - MENCIÓN DE SERIE
Mención de serie Libro cultural
504 ## - NOTA DE BIBLIOGRAFÍA, ETC.
Nota de bibliografía, etc. Bibliografía : p. 199-213.
650 #4 - PUNTO DE ACCESO ADICIONAL DE MATERIA--TÉRMINO DE MATERIA
Término de materia o nombre geográfico como elemento de entrada Estética
Subdivisión general Literatura
9 (RLIN) 8084
650 #0 - PUNTO DE ACCESO ADICIONAL DE MATERIA--TÉRMINO DE MATERIA
Término de materia o nombre geográfico como elemento de entrada Teatro
9 (RLIN) 7455
650 #0 - PUNTO DE ACCESO ADICIONAL DE MATERIA--TÉRMINO DE MATERIA
Término de materia o nombre geográfico como elemento de entrada Poesía
9 (RLIN) 4503
830 #0 - PUNTO DE ACCESO ADICIONAL DE SERIE-TÍTULO UNIFORME
Título uniforme Libro cultural.
9 (RLIN) 8085
Holdings
Estado de retiro Estado de pérdida Restricciones de uso No para préstamo Código de colección Localización permanente Ubicación/localización actual Ubicación en estantería Fecha de adquisición Número de inventario Total de préstamos Signatura topográfica completa Código de barras Fecha visto por última vez Precio válido a partir de Tipo de ítem Koha Número de copia
    Préstamo interno   Monografías: Libros y Folletos General General Depósito 06.07.2009 LF1   801.93 M516c 2567-10 25.06.2020 25.06.2020 Préstamo interno  
    Préstamo restringido Préstamo restrigido Monografías: Libros y Folletos General General Depósito 06.07.2009 LF1   801.93 M516c 2567-20 25.06.2020 25.06.2020 Préstamo interno e. 2
  Extraviado   Excluido de préstamo Monografías: Libros y Folletos Patrimonio Dominicano Patrimonio Dominicano Extraviado 02.06.2017 LF1   801.93 M516c 2567-30 25.06.2020 25.06.2020 No se presta e. 3

Powered by Koha